MARC

LEADER 00000nlm0a2200000 4500
001 290104
005 20231102000243.0
010 |a 9785446803323 
035 |a (RuTPU)RU\TPU\book\314634 
090 |a 290104 
100 |a 20150403d2014 m y0rusy50 ca 
101 0 |a rus 
102 |a RU 
105 |a y j 000zy 
135 |a vocna---uucaa 
181 0 |a i  
182 0 |a b 
200 1 |a Защита информации  |b Электронный ресурс  |e учебник для вузов  |f В. П. Мельников, А. И. Куприянов, А. Г. Схиртладзе 
203 |a Текст  |c электронный 
210 |a Москва  |c Академия  |d 2014 
215 |a 1 Мультимедиа CD-ROM 
225 1 |a Высшее образование. Бакалавриат 
225 1 |a Информационная безопасность 
230 |a Мультимедиа ресурсы (10 директорий; 100 файлов; 740MB) 
300 |a Электронная версия печатного издания. 
333 |a Режим доступа: из корпоративной сети ТПУ 
337 |a Pentium 100 MHz, 16 Mb RAM, Windows 95/98/NT/2000, CDROM, SVGA, звуковая карта, Internet Explorer 5.0 и выше 
606 1 |a Защита информации  |x Вычислительная техника  |2 stltpush  |3 (RuTPU)RU\TPU\subj\74425  |9 86711 
610 1 |a информационные потоки 
610 1 |a правовое регулирование 
610 1 |a организационное обеспечение 
610 1 |a информационная безопасность 
610 1 |a конфиденциальная информация 
610 1 |a техническая защита 
610 1 |a объекты 
610 1 |a предприятия 
610 1 |a программно-аппаратные средства 
610 1 |a сообщения 
610 1 |a сигналы 
610 1 |a преобразование 
610 1 |a кодирование 
610 1 |a криптозащита 
610 1 |a учебники 
610 1 |a CD-ROM 
675 |a 004.056.5(075.8)  |v 4 
700 1 |a Мельников  |b В. П.  |g Владимир Павлович 
701 1 |a Куприянов  |b А. И.  |g Александр Ильич 
701 1 |a Схиртладзе  |b А. Г.  |g Александр Георгиевич 
801 1 |a RU  |b 63413507  |c 20150403 
801 2 |a RU  |b 63413507  |c 20161028  |g RCR 
856 4 0 |u http://www.lib.tpu.ru/fulltext2/m/2015/FN/fn-65.pdf 
900 |a Защита информации и информационная безопасность 
900 |a Защита информации в компьютерных системах и сетях 
942 |c CF 
951 |l 8.1 
959 |a 32/20150403  |d 1  |e 10407,60  |f ЧЗКДП:1